000 00672nam a2200241 i 4500
001 14432
003 ES-MaACL
005 20240510063025.0
007 t|
008 990308s1998 sp ||||1| spa d
020 _a8486531987
080 _a821.134.2-14"19"
100 1 _aCebrián, Juan A.
_937294
245 1 0 _aDel aire /
_cJuan A. Cebrián.
250 _a1ª ed.
260 _aHumanes (Madrid) :
_bJuan Pastor,
_c1998.
300 _a70 p. ;
_c20 cm.
490 1 _aDevenir . Serie Poesía ;
_v116
830 0 0 _aDevenir.
_pSerie Poesía ;
_v116
_9236243
852 _aES-MaACL
_jP-1931 Nº 116
_bR.126817
942 _2udc
999 _c14432
_d14432